00756nam a2200217 i 450000100060000000300090000600500170001500700030003200800410003502000180007608000200009410000330011424501460014726000600029330000210035349000380037465500390041270000280045183000350047985200240051419070ES-MaACL20250824212230.0t|020603s1990 sp ||||1| spa d a84-86568-32-3 a821.134.2-9"19"1 aFernández Molina, Antonio.13aLa guerra de los Cien Años y otros guiones cinematográficos / cA.F. Molina ; edición, introducción y notas de Jesús Ferrer Solá. aMadrid : bPrensa y Ediciones Iberoamericanas, c[1990] a60 p. ; c21 cm.1 aLos libros de doña Berta ; v18 7aGuiones cinematográficos2tgfbne1 aFerrer Solá, Jesús.14aLos libros de doña Bertav18 aES-MaACLj2168-F-18